Rimbaud
Bewaard in:
| Hoofdauteur: | |
|---|---|
| Formaat: | Boek |
| Taal: | Spaans |
| Gepubliceerd in: |
Buenos Aires
Troquel
1954
|
| Onderwerpen: | |
| Tags: |
Voeg label toe
Geen labels, Wees de eerste die dit record labelt!
|
MARC
| LEADER | 00000nam a2200000 a 4500 | ||
|---|---|---|---|
| 001 | UCU5723 | ||
| 003 | CL-VaPUC | ||
| 008 | 960614e19540000AG |||||||||||||||||spa|d | ||
| 082 | 0 | 4 | |a 841.09 |b ROP |2 21 |
| 100 | 0 | |a Rops, Daniel |e author |9 363691 | |
| 245 | 1 | 0 | |a Rimbaud |
| 300 | |a 175 p | ||
| 942 | |c BK | ||
| 945 | |d 19960614 00:00:00 |a rbrito | ||
| 260 | |a Buenos Aires |b Troquel |c 1954 | ||
| 600 | 0 | 7 | |a RIMBAUD, JEAN NICOLAS ARTHUR |2 CL-VaPUC |9 269466 |
| 650 | 7 | |a POESIA FRANCESA SIGLO 19 |2 CL-VaPUC |9 363692 | |
| 650 | 0 | |a Crítica e interpretación |9 255042 | |
| 650 | 0 | |a Biografías |9 255210 | |
| 651 | 0 | |a Francia |9 255157 | |
| 583 | |a last modification |c 20160826 04:24:58 |k Rodrigo Vera | ||
| 999 | |c 248926 |d 248924 | ||
| 952 | |0 0 |1 0 |4 0 |6 841_090000000000000_ROP_1954 |7 0 |8 A |9 265876 |a BIBARQ |b BIBARQ |d 2019-11-19 |i 3208117 |o 841.09 ROP 1954 |p 3208117 |r 2025-01-20 |w 2019-11-19 |y BK |k ARQ | ||